Alle Bahnhöfe/Haltepunkte der Riedbahn - Statistiken

Allgemein
  • Dieses Quiz wurde 13 mal gespielt
  • Das Durchschnittsergebnis liegt bei 11 aus 19
Antwortstatistiken
Bahnhof/Haltepunkt Landkreis/Stadt % Korrekt
Mannheim Hbf Mannheim
100%
Biblis Bergstraße
63%
Bürstadt Bergstraße
63%
Frankfurt am Main Stadion Frankfurt am Main
63%
Gernsheim Landkreis Groß Gerau
63%
Groß Rohrheim Bergstraße
63%
Lampertheim Bergstraße
63%
Mannheim-Waldhof Mannheim
63%
Mörfelden Landkreis Groß Gerau
63%
Riedstadt-Goddelau Landkreis Groß Gerau
63%
Walldorf Landkreis Groß Gerau
63%
Bobstadt Bergstraße
50%
Groß Gerau-Dornberg Landkreis Groß Gerau
50%
Groß Gerau-Dornheim Landkreis Groß Gerau
50%
Mannheim-Käfertal Mannheim
50%
Riedstadt-Wolfskehlen Landkreis Groß Gerau
50%
Zeppelinheim Landkreis Offenbach
50%
Biebesheim Landkreis Groß Gerau
38%
Stockstadt (Rhein) Landkreis Groß Gerau
38%
Keine übereinstimmenden Quizze gefunden
Verteilung der Resultate
Anzahl Personen mit jedem Resultat
Perzentil nach korrekt beantworteten Fragen
Ihre Resultats-Entwicklung
Sie haben dieses Quiz noch nicht gespielt